000 00382nam a2200145Ia 4500
008 200103s9999||||xx |||||||||||||| ||und||
020 _a0273314769,
040 _aIMU-MPC
082 _aColumn-29
100 _aWallace, F. J. and Linning, W. A.
245 0 _aBasic Engineering Thermodynamics SI Units
260 _bPitman Publishing, London
_c1970
300 _ax, 532
942 _cBK
999 _c7293
_d7293